[Event "Zadar B Open 2016"]
[Site "Zadar"]
[Date "2016.12.15"]
[Round "7.20"]
[White "Pesusic, Boris"]
[Black "Kos, Slobodan"]
[Result "1-0"]
[WhiteElo "2018"]
[BlackElo "1827"]
[PlyCount "101"]
[EventDate "2016.12.11"]
[EventCountry "CRO"]

1. Nf3 Nf6 2. d4 d5 3. c4 e6 4. Nc3 Be7 5. Qc2 O-O 6. Bf4 a6 7. cxd5 exd5 8. h3
Re8 9. e3 c6 10. Bd3 Nbd7 11. O-O Nf8 12. a3 g6 13. Rfe1 Ne6 14. Bh2 Ng7 15.
Rad1 Bf5 16. Bxf5 Nxf5 17. Qb3 Qc8 18. Rc1 Bd6 19. Be5 Qe6 20. Qxb7 Bxe5 21.
Nxe5 Ne7 22. Qb3 Reb8 23. Qc2 Nd7 24. Nxd7 Qxd7 25. Na4 f5 26. Nc5 Qd6 27. b3
Ra7 28. Qd3 a5 29. Qd2 Nc8 30. Rc3 Nb6 31. Rec1 Nd7 32. Nxd7 Qxd7 33. Qd3 Rab7
34. Qa6 Rxb3 35. Qxa5 Qd6 36. Rxc6 Rxa3 37. Rxd6 Rxa5 38. Rc5 Rb1+ 39. Kh2 Ra2
40. Rd7 Rb8 41. Rcxd5 Rxf2 42. Rd8+ Rxd8 43. Rxd8+ Kg7 44. Kg3 Rf1 45. Rd7+ Kh6
46. d5 g5 47. d6 f4+ 48. exf4 Rxf4 49. Re7 Rf6 50. d7 Rd6 51. Re6+ 1-0

[Event "Zadar B Open 2016"]
[Site "Zadar"]
[Date "2016.12.16"]
[Round "8.1"]
[White "Berke, Ana"]
[Black "Medancic, Rikard"]
[Result "1/2-1/2"]
[WhiteElo "2168"]
[BlackElo "2267"]
[PlyCount "82"]
[EventDate "2016.12.11"]
[EventCountry "CRO"]

1. e4 Nf6 2. e5 Ng8 3. d4 d6 4. exd6 exd6 5. c4 Nf6 6. Nc3 Be7 7. Nf3 O-O 8.
Be2 d5 9. O-O c6 10. Bg5 dxc4 11. Bxc4 Nbd7 12. Re1 Nb6 13. Bb3 Bf5 14. Ne5
Nbd5 15. Qf3 Be6 16. Rad1 Nxc3 17. bxc3 Bxb3 18. axb3 Nd5 19. Bxe7 Nxe7 20. h4
Nd5 21. c4 Nf6 22. h5 h6 23. d5 cxd5 24. cxd5 Qa5 25. Nc4 Qb4 26. d6 Rad8 27.
Re7 b5 28. Rb7 Rfe8 29. d7 Re1+ 30. Kh2 Rxd1 31. Qxd1 Qc5 32. Ne3 a5 33. Kg1
Qc6 34. Qf3 Qxf3 35. gxf3 a4 36. Rxb5 axb3 37. Nc4 Nxd7 38. Nb2 Nc5 39. Rxc5
Rd2 40. Na4 b2 41. Nxb2 Rxb2 1/2-1/2

[Event "Zadar B Open 2016"]
[Site "Zadar"]
[Date "2016.12.16"]
[Round "8.2"]
[White "Bozinovic, Bogdan"]
[Black "Stipic, Marko"]
[Result "1-0"]
[WhiteElo "2202"]
[BlackElo "2152"]
[PlyCount "45"]
[EventDate "2016.12.11"]
[EventCountry "CRO"]

1. d4 d6 2. e4 Nf6 3. Nc3 c6 4. f4 Qb6 5. Nf3 Bg4 6. Be2 Nbd7 7. e5 Nd5 8. Ne4
dxe5 9. fxe5 Nc7 10. c3 c5 11. Nfg5 Bxe2 12. Qxe2 h6 13. dxc5 Qa6 14. Qxa6 Nxa6
15. e6 hxg5 16. exd7+ Kxd7 17. Bxg5 f5 18. O-O-O+ Ke6 19. Ng3 Nxc5 20. Rhe1+
Ne4 21. h4 Kf7 22. Nxe4 fxe4 23. Rxe4 1-0

[Event "Zadar B Open 2016"]
[Site "Zadar"]
[Date "2016.12.16"]
[Round "8.3"]
[White "Sulc, Damir"]
[Black "Mihalinec, Damir"]
[Result "1/2-1/2"]
[WhiteElo "2208"]
[BlackElo "2202"]
[PlyCount "114"]
[EventDate "2016.12.11"]
[EventCountry "CRO"]

1. e4 c5 2. Nf3 d6 3. d4 cxd4 4. Nxd4 Nf6 5. Nc3 g6 6. Bc4 Bg7 7. O-O O-O 8.
Re1 Nc6 9. Nb3 Ne5 10. Bf1 Be6 11. Nd5 Rc8 12. c3 Nc4 13. Bxc4 Rxc4 14. Qd3 Rc8
15. Bg5 Re8 16. Rad1 Nd7 17. Qb5 b6 18. Nd4 Rc5 19. Qa4 Ra5 20. Qb4 Bxd4 21.
Rxd4 f6 22. Bc1 Rxa2 23. Qb5 Ra5 24. Qe2 Bxd5 25. exd5 e5 26. dxe6 Re5 27. Be3
R8xe6 28. Qc4 Kg7 29. Red1 Nf8 30. Qd3 Kf7 31. Rxd6 Qxd6 32. Qxd6 Rxd6 33. Rxd6
Ke7 34. Rd1 Rb5 35. b4 a5 36. bxa5 bxa5 37. Kf1 Nd7 38. c4 Rh5 39. Ra1 Kd6 40.
c5+ Nxc5 41. Rxa5 Rd5 42. Ke2 Nd7 43. Rxd5+ Kxd5 44. g4 Ne5 45. f3 Kc4 46. Bh6
Kd5 47. Bg7 Nd7 48. Ke3 Ke6 49. h4 Ne5 50. Bf8 f5 51. Kf4 g5+ 52. Kxg5 Nxf3+
53. Kh5 f4 54. Bh6 Ke5 55. Bxf4+ Kxf4 56. Kh6 Kxg4 57. Kxh7 Nxh4 1/2-1/2

[Event "Zadar B Open 2016"]
[Site "Zadar"]
[Date "2016.12.16"]
[Round "8.4"]
[White "Muratovic, Enver"]
[Black "Egerc, Josip"]
[Result "1/2-1/2"]
[WhiteElo "2223"]
[BlackElo "2062"]
[PlyCount "192"]
[EventDate "2016.12.11"]
[EventCountry "CRO"]

1. e4 e6 2. d4 d5 3. e5 c5 4. c3 Nc6 5. Nf3 Bd7 6. a3 f6 7. Bf4 Qb6 8. b4 c4 9.
a4 Qc7 10. g3 f5 11. h4 Nd8 12. h5 Nf7 13. Bh3 a6 14. Bxf5 exf5 15. e6 Bd6 16.
exf7+ Kxf7 17. Bxd6 Qxd6 18. Ne5+ Ke7 19. Ra2 Be6 20. Qd2 Nh6 21. Qg5+ Kf8 22.
Qf4 Kg8 23. Re2 Bd7 24. a5 Rf8 25. O-O Be8 26. Ng6 Qxf4 27. Nxf4 Bc6 28. Rfe1
Ng4 29. f3 Nf6 30. Re5 Re8 31. Rxe8+ Bxe8 32. Re7 Bc6 33. Ne6 Ne8 34. Nd2 h6
35. Nf1 Rh7 36. Nd8 Ba4 37. Nxb7 g5 38. Rxh7 Kxh7 39. Nc5 Bb5 40. Ne3 Nf6 41.
Nxf5 Ne8 42. Kf2 Nc7 43. g4 Be8 44. Ke3 Nb5 45. Kd2 Nc7 46. Nb7 Bd7 47. Nbd6
Bxf5 48. Nxf5 Nb5 49. Ne7 Nc7 50. Kc2 Kg7 51. Nf5+ Kh7 52. Kb2 Nb5 53. Ne7 Nc7
54. Nc6 Kg7 55. Nb8 Kf7 56. Nxa6 Nxa6 57. Ka3 Ke7 58. Ka4 Nc7 59. b5 Kd7 60. b6
Ne6 61. a6 Kc6 62. a7 Kb7 63. Kb4 Ka8 64. Kb5 Kb7 65. Kb4 Nf8 66. Kc5 Nd7+ 67.
Kxd5 Nxb6+ 68. Ke5 Kxa7 69. f4 gxf4 70. Kxf4 Nd5+ 71. Ke5 Nxc3 72. g5 Nb5 73.
gxh6 c3 74. h7 c2 75. h8=Q c1=Q 76. Qg7+ Kb6 77. Qf6+ Kb7 78. Qg7+ Kc6 79. d5+
Kb6 80. Qg6+ Ka5 81. h6 Qe3+ 82. Kf6 Qd4+ 83. Ke7 Qxd5 84. h7 Qe5+ 85. Kf8 Qb8+
86. Kg7 Qe5+ 87. Qf6 Qc7+ 88. Kg8 Qb8+ 89. Kg7 Qg3+ 90. Kh6 Qh2+ 91. Kg6 Qg3+
92. Qg5 Qd6+ 93. Kf7 Qc7+ 94. Qe7 Qf4+ 95. Ke8 Nd6+ 96. Kd7 Nf7 1/2-1/2

[Event "Zadar B Open 2016"]
[Site "Zadar"]
[Date "2016.12.16"]
[Round "8.5"]
[White "Kejzar, Petra"]
[Black "Popovic, Ivo"]
[Result "1/2-1/2"]
[WhiteElo "2009"]
[BlackElo "2179"]
[PlyCount "111"]
[EventDate "2016.12.11"]
[EventCountry "CRO"]

1. e4 c5 2. Nf3 e6 3. d4 cxd4 4. Nxd4 Nf6 5. Nc3 d6 6. g4 a6 7. g5 Ng8 8. h4
Nc6 9. Be3 Nxd4 10. Qxd4 Ne7 11. O-O-O Nc6 12. Qd2 Be7 13. f4 b5 14. h5 Bb7 15.
Qf2 O-O 16. Bh3 b4 17. Bb6 Qe8 18. Ne2 e5 19. g6 h6 20. gxf7+ Qxf7 21. Bf5 Qxa2
22. Rhg1 exf4 23. Nxf4 Rxf5 24. exf5 Qa1+ 25. Kd2 Qxb2 26. Nd5 Bg5+ 27. Rxg5
hxg5 28. f6 Rf8 29. Qf5 Qe5 30. Ne7+ Nxe7 31. Qxe5 dxe5 32. fxe7 Re8 33. Bd8
Kf7 34. Rb1 g4 35. Rxb4 Bf3 36. Rb6 Rh8 37. Rxa6 Rxh5 38. Ra7 Rh2+ 39. Kc3 Be4
40. Bb6 Rxc2+ 41. Kb3 g6 42. Rc7 Rc6 43. e8=Q+ Kxe8 44. Rxc6 Bxc6 45. Bc7 e4
46. Kc4 Kd7 47. Bg3 Ke6 48. Kd4 g5 49. Ke3 Kd5 50. Bh2 g3 51. Bxg3 Ke6 52. Bc7
Kf5 53. Bg3 Kg4 54. Bd6 Kh3 55. Kf2 g4 56. Bc7 1/2-1/2

[Event "Zadar B Open 2016"]
[Site "Zadar"]
[Date "2016.12.16"]
[Round "8.6"]
[White "Tomas, Ante"]
[Black "Deur Saric, Zrinka"]
[Result "0-1"]
[WhiteElo "2107"]
[BlackElo "2152"]
[PlyCount "128"]
[EventDate "2016.12.11"]
[EventCountry "CRO"]

1. Nf3 d5 2. b3 c5 3. Bb2 Nc6 4. e3 e6 5. Bb5 Nf6 6. Bxc6+ bxc6 7. Ne5 Nd7 8.
O-O Nxe5 9. Bxe5 f6 10. Bb2 Bd6 11. Qh5+ g6 12. Qh6 Bf8 13. Qh4 Bg7 14. d3 Kf7
15. f4 c4 16. dxc4 dxc4 17. Na3 cxb3 18. Rfd1 Qc7 19. axb3 Ba6 20. Rd2 Rad8 21.
Rad1 Rxd2 22. Rxd2 Rd8 23. Qe1 Bf8 24. Qd1 Rxd2 25. Qxd2 Bc5 26. g3 Qd6 27.
Qxd6 Bxd6 28. c4 e5 29. fxe5 fxe5 30. Nc2 Bc8 31. c5 Bxc5 32. Bxe5 Be6 33. Bd4
Bxd4 34. Nxd4 Kf6 35. Kf2 Bd7 36. Kf3 Ke5 37. Nc2 a5 38. Ke2 Bf5 39. Kd2 Kd5
40. Nd4 Bd7 41. Kd3 c5 42. e4+ Kd6 43. Nf3 Bb5+ 44. Kc3 h6 45. Nd2 a4 46. bxa4
Bxa4 47. Kc4 Bd1 48. e5+ Kxe5 49. Kxc5 Be2 50. Kc6 Kd4 51. Kd6 Ke3 52. Nb3 Kf2
53. Ke5 Kg2 54. Nc1 Bd1 55. Kf6 Bc2 56. Ne2 Kxh2 57. Nf4 Kxg3 58. Nxg6 h5 59.
Ne5 h4 60. Nc4 h3 61. Ne3 Bd3 62. Ke5 h2 63. Kd4 h1=Q 64. Kxd3 Qb1+ 0-1

[Event "Zadar B Open 2016"]
[Site "Zadar"]
[Date "2016.12.16"]
[Round "8.7"]
[White "Vidovic, Ante"]
[Black "Totic, Zeljko"]
[Result "1-0"]
[WhiteElo "2093"]
[BlackElo "1962"]
[PlyCount "75"]
[EventDate "2016.12.11"]
[EventCountry "CRO"]

1. Nf3 Nf6 2. g3 d5 3. Bg2 g6 4. d3 Bg7 5. O-O O-O 6. Nbd2 b6 7. e4 Bb7 8. e5
Nfd7 9. Re1 e6 10. Nf1 c5 11. Bf4 Nc6 12. h4 h5 13. N1h2 Qc7 14. Qe2 Rfe8 15.
c3 a5 16. a3 a4 17. Rac1 b5 18. d4 Ba6 19. Qd2 Na5 20. Rc2 Nc4 21. Qc1 Rec8 22.
g4 Qb6 23. gxh5 gxh5 24. Bh6 Qd8 25. Qf4 Qf8 26. Bg5 b4 27. cxb4 cxb4 28. axb4
Qxb4 29. Bf6 Bxf6 30. exf6 Kf8 31. Qh6+ Ke8 32. Qxh5 Nf8 33. Rce2 Rc6 34. Ne5
Nxe5 35. Rxe5 Qxb2 36. Bxd5 Rc1 37. Bxa8 Rxe1+ 38. Rxe1 1-0

[Event "Zadar B Open 2016"]
[Site "Zadar"]
[Date "2016.12.16"]
[Round "8.8"]
[White "Gujic, Vladimir"]
[Black "Bozanic, Ivica"]
[Result "0-1"]
[WhiteElo "2059"]
[BlackElo "2216"]
[PlyCount "140"]
[EventDate "2016.12.11"]
[EventCountry "CRO"]

1. Nf3 g6 2. c4 Bg7 3. Nc3 d6 4. g3 c5 5. Bg2 Nc6 6. O-O e5 7. d3 Nge7 8. Rb1
O-O 9. a3 a5 10. Bd2 b6 11. Ne1 Be6 12. Nc2 d5 13. cxd5 Nxd5 14. Ne3 Nxe3 15.
Bxe3 Qd7 16. Re1 f5 17. Qa4 Rac8 18. Qb5 f4 19. Bd2 f3 20. exf3 Bh3 21. Qc4+
Be6 22. Qb5 Bh3 23. Qc4+ Be6 24. Qb5 Bf5 25. Ne4 Qc7 26. Be3 Be6 27. Ng5 Bd5
28. f4 Qd7 29. Bxd5+ Qxd5 30. Qc4 Rfd8 31. Nf3 Kh8 32. Ng5 Rd7 33. Qxd5 Rxd5
34. Red1 Kg8 35. Kf1 h6 36. Nf3 exf4 37. Bxf4 g5 38. Be3 Rf8 39. Ke2 Re8 40.
Kf1 Rf8 41. Ke2 Re8 42. Kf1 Rf5 43. Kg2 Rd5 44. b3 Red8 45. Ne1 Kf7 46. a4 Nb4
47. Kf1 Bc3 48. Bd2 Bxd2 49. Rxd2 Nxd3 50. Rxd3 Rxd3 51. Nxd3 Rxd3 52. Ke2 Rc3
53. h3 h5 54. Kd2 Rf3 55. Ke2 g4 56. h4 Ke6 57. Rb2 Kd5 58. Rd2+ Ke4 59. Rb2
Rc3 60. Kd2 Kd4 61. Kd1 Rf3 62. Ke1 Kc3 63. Re2 Kxb3 64. Re5 Kxa4 65. Rxh5 Kb3
66. Rh8 a4 67. h5 a3 68. h6 a2 69. Ra8 Rf7 70. Ra6 b5 0-1

[Event "Zadar B Open 2016"]
[Site "Zadar"]
[Date "2016.12.16"]
[Round "8.9"]
[White "Spiranec, Noemi"]
[Black "Elishev, Ivan"]
[Result "0-1"]
[WhiteElo "1999"]
[BlackElo "2122"]
[PlyCount "84"]
[EventDate "2016.12.11"]
[EventCountry "CRO"]

1. e4 g6 2. d4 Bg7 3. Nc3 d6 4. Be2 Nc6 5. Be3 e5 6. d5 Nce7 7. g4 f5 8. gxf5
gxf5 9. Bg5 Nf6 10. Bh5+ Ng6 11. Nf3 Qd7 12. Nh4 Nxh5 13. Qxh5 Qf7 14. O-O-O
Nxh4 15. Qxf7+ Kxf7 16. Bxh4 Bh6+ 17. Kb1 Rg8 18. f3 Be3 19. Rhe1 f4 20. Re2
Bh3 21. Rxe3 fxe3 22. Re1 Rg2 23. Bg3 Rg8 24. Nd1 e2 25. Nc3 R2xg3 26. hxg3
Rxg3 27. Kc1 Bf1 28. Nxe2 Rxf3 29. Ng3 Rxg3 30. Rxf1+ Kg7 31. Kd2 h5 32. Rf5 h4
33. Rh5 h3 34. Ke2 Kg6 35. Rh8 Kg5 36. Rh7 Rg2+ 37. Kd3 h2 38. b3 Kf4 39. a4
Kf3 40. Rf7+ Kg3 41. Rg7+ Kf2 42. Rh7 Kg1 0-1

[Event "Zadar B Open 2016"]
[Site "Zadar"]
[Date "2016.12.16"]
[Round "8.10"]
[White "Bubicic, Josip Dr"]
[Black "Soric, Romeo"]
[Result "0-1"]
[WhiteElo "2051"]
[BlackElo "2115"]
[PlyCount "80"]
[EventDate "2016.12.11"]
[EventCountry "CRO"]

1. e4 c6 2. d4 d5 3. Nc3 dxe4 4. Nxe4 Nd7 5. Bc4 Ngf6 6. Ng5 e6 7. N1f3 Bd6 8.
O-O h6 9. Nh3 Qc7 10. g3 O-O 11. Nf4 Nd5 12. Nd3 b5 13. Bb3 a5 14. a3 Bb7 15.
c3 c5 16. dxc5 Nxc5 17. Nxc5 Bxc5 18. Nd4 Bxd4 19. Qxd4 Rfd8 20. Bc2 Nb4 21.
Bf4 Qc8 22. Qe5 Nxc2 23. Rac1 Qc6 24. f3 f6 25. Qe2 e5 26. Bd2 Nxa3 27. bxa3
Qc5+ 28. Be3 Qxa3 29. Qc2 Qe7 30. Rf2 Bd5 31. Ra1 a4 32. Qb2 Bc4 33. Qb4 Qxb4
34. cxb4 Rd3 35. Bc5 a3 36. Rff1 a2 37. f4 Rd2 38. fxe5 Bxf1 39. Kxf1 fxe5 40.
h4 Rad8 0-1

[Event "Zadar B Open 2016"]
[Site "Zadar"]
[Date "2016.12.16"]
[Round "8.11"]
[White "Brkic, Ivica"]
[Black "Pesusic, Boris"]
[Result "1-0"]
[WhiteElo "2083"]
[BlackElo "2018"]
[PlyCount "79"]
[EventDate "2016.12.11"]
[EventCountry "CRO"]

1. c4 Nf6 2. Nc3 g6 3. g3 e5 4. Bg2 Bg7 5. d3 O-O 6. e4 c6 7. Nge2 Na6 8. O-O
d6 9. h3 Nc7 10. f4 Bh6 11. Kh2 Ne6 12. f5 Bxc1 13. Qxc1 Ng7 14. g4 Kh8 15. Ng3
Ng8 16. Qe3 h6 17. Nce2 g5 18. Ng1 Nf6 19. Nf3 Ng8 20. Rh1 f6 21. h4 Qb6 22.
Qxb6 axb6 23. hxg5 fxg5 24. Nxg5 Nf6 25. Kg1 Nxg4 26. Rh4 Kg8 27. Rxg4 hxg5 28.
Rxg5 Kf7 29. Bf3 Bd7 30. a3 Rh8 31. Kg2 Rh7 32. Rh1 Rah8 33. Rxh7 Rxh7 34. Rg6
Nxf5 35. exf5 Bxf5 36. Rxd6 Bh3+ 37. Kf2 Ke7 38. Rg6 Rf7 39. Ke3 Kd8 40. Rg8+
1-0

[Event "Zadar B Open 2016"]
[Site "Zadar"]
[Date "2016.12.16"]
[Round "8.12"]
[White "Cvitan, Ena"]
[Black "Peric, Davor"]
[Result "1-0"]
[WhiteElo "2079"]
[BlackElo "1809"]
[PlyCount "55"]
[EventDate "2016.12.11"]
[EventCountry "CRO"]

1. d4 Nf6 2. c4 e6 3. Nc3 Bb4 4. a3 Bxc3+ 5. bxc3 c5 6. e3 O-O 7. Bd3 d5 8. Ne2
Nc6 9. O-O Re8 10. Ng3 Qc7 11. cxd5 exd5 12. f3 c4 13. Bb1 h5 14. Ra2 Na5 15.
Re2 Nb3 16. e4 Nxc1 17. Qxc1 h4 18. Nh1 Nh7 19. e5 Re6 20. f4 Rh6 21. f5 Qe7
22. f6 Rxf6 23. exf6 Qxe2 24. Re1 Qh5 25. Re5 Qh6 26. Qxh6 gxh6 27. Re8+ Nf8
28. Bf5 1-0

[Event "Zadar B Open 2016"]
[Site "Zadar"]
[Date "2016.12.16"]
[Round "8.14"]
[White "Simunic, Neno"]
[Black "Jelecevic, Ivo"]
[Result "0-1"]
[WhiteElo "1842"]
[BlackElo "2167"]
[PlyCount "48"]
[EventDate "2016.12.11"]
[EventCountry "CRO"]

1. d4 d5 2. c4 c6 3. cxd5 cxd5 4. Nf3 Nf6 5. Nc3 Nc6 6. Bf4 e6 7. e3 Be7 8. h3
O-O 9. Bd3 Bd7 10. O-O a6 11. a3 Na5 12. b4 Nc4 13. e4 Nb2 14. Qe2 Nxd3 15.
Qxd3 dxe4 16. Nxe4 Nxe4 17. Qxe4 Bc6 18. Qe3 Qd5 19. Qe5 a5 20. Rab1 axb4 21.
axb4 f6 22. Qe3 Ra4 23. b5 Bxb5 24. Rxb5 Qxb5 0-1

[Event "Zadar B Open 2016"]
[Site "Zadar"]
[Date "2016.12.16"]
[Round "8.15"]
[White "Yordanov, Nikolay"]
[Black "Glavicic, Tino"]
[Result "1-0"]
[WhiteElo "2146"]
[BlackElo "2037"]
[PlyCount "101"]
[EventDate "2016.12.11"]
[EventCountry "CRO"]

1. d4 Nf6 2. Bg5 Ne4 3. Bf4 d5 4. f3 Nf6 5. Nc3 e6 6. e4 Bb4 7. e5 Nfd7 8. a3
Be7 9. Nce2 f6 10. exf6 Nxf6 11. Nh3 c5 12. c3 Nc6 13. b4 c4 14. Qd2 O-O 15.
Qe3 b5 16. g4 a5 17. Rb1 axb4 18. axb4 Bd6 19. Bxd6 Qxd6 20. g5 Nh5 21. f4 Ra3
22. Qd2 Ne7 23. Bg2 Ng6 24. O-O Nh4 25. Ng3 Nxg3 26. hxg3 Nxg2 27. Kxg2 Bd7 28.
Ra1 Rfa8 29. Rxa3 Rxa3 30. Nf2 Qa6 31. Qe3 Ra2 32. Qe5 Rc2 33. Qb8+ Qc8 34.
Qxc8+ Bxc8 35. Ra1 Bd7 36. Ra3 Be8 37. Kf3 Bh5+ 38. g4 Be8 39. Nd1 Bg6 40. f5
exf5 41. Ne3 fxg4+ 42. Kxg4 Rc1 43. Nxd5 Kf7 44. Ra7+ Kf8 45. Kf4 Rf1+ 46. Ke5
h5 47. gxh6 gxh6 48. Nf4 Bf7 49. d5 h5 50. d6 h4 51. Ra8+ 1-0

[Event "Zadar B Open 2016"]
[Site "Zadar"]
[Date "2016.12.16"]
[Round "8.16"]
[White "Katulic, Zlatko"]
[Black "Mandaric, Ante"]
[Result "0-1"]
[WhiteElo "1758"]
[BlackElo "2087"]
[PlyCount "52"]
[EventDate "2016.12.11"]
[EventCountry "CRO"]

1. Nf3 d5 2. e3 Nc6 3. b3 e5 4. Bb5 Bd6 5. Ba3 Bxa3 6. Nxa3 Qd6 7. Qc1 a6 8.
Bxc6+ bxc6 9. d4 e4 10. Nd2 Nf6 11. c4 Nd7 12. c5 Qg6 13. Rg1 O-O 14. Nc2 a5
15. a3 Ba6 16. Nf1 Rab8 17. b4 a4 18. Kd2 f5 19. g3 f4 20. exf4 Rxf4 21. Nfe3
Rxf2+ 22. Kc3 Qf6 23. g4 Qf3 24. Rg3 Qe2 25. h4 Qd3+ 26. Kb2 Qb3# 0-1

[Event "Zadar B Open 2016"]
[Site "Zadar"]
[Date "2016.12.16"]
[Round "8.17"]
[White "Luetic, Ante"]
[Black "Ikica, Ante"]
[Result "1-0"]
[WhiteElo "2085"]
[BlackElo "1984"]
[PlyCount "113"]
[EventDate "2016.12.11"]
[EventCountry "CRO"]

1. c4 Nf6 2. Nc3 g6 3. g3 Bg7 4. Bg2 d6 5. Nf3 c6 6. O-O O-O 7. d3 Na6 8. Rb1
Nc7 9. b4 d5 10. cxd5 Ncxd5 11. Bd2 Re8 12. e4 Nb6 13. Qc2 Bg4 14. a4 h6 15. a5
Nbd7 16. Ne1 Rc8 17. h3 Be6 18. f4 Nf8 19. Be3 b6 20. axb6 axb6 21. Na4 N6d7
22. Qf2 Rb8 23. Rc1 Bb3 24. Nb2 c5 25. b5 Ne6 26. e5 Nc7 27. Bc6 Rf8 28. d4
cxd4 29. Bxd4 Ne6 30. Be3 Nec5 31. Nf3 Be6 32. Kh2 Ra8 33. Rfd1 Qb8 34. Nd4 Ra7
35. Nxe6 fxe6 36. Bxc5 Nxc5 37. Qc2 Ra2 38. Ra1 Qa7 39. Qb1 Rxa1 40. Qxa1 Qxa1
41. Rxa1 g5 42. Ra8 Rxa8 43. Bxa8 h5 44. Nc4 Na4 45. h4 gxh4 46. gxh4 Kf7 47.
Bc6 Bh6 48. Kg3 Kg7 49. Kf3 Kf7 50. Ke3 Kg7 51. Be8 Nc3 52. Nxb6 Kf8 53. Bc6
Nd1+ 54. Kf3 Nb2 55. Nd7+ Ke8 56. b6 Nc4 57. b7 1-0

[Event "Zadar B Open 2016"]
[Site "Zadar"]
[Date "2016.12.16"]
[Round "8.18"]
[White "Saravanja, Matija"]
[Black "Valette, Christian"]
[Result "0-1"]
[WhiteElo "1820"]
[BlackElo "2084"]
[PlyCount "36"]
[EventDate "2016.12.11"]
[EventCountry "CRO"]

1. e4 e6 2. d4 d5 3. Nc3 Nf6 4. e5 Nfd7 5. f4 c5 6. Nf3 Nc6 7. Be3 Be7 8. Qd2
O-O 9. O-O-O c4 10. Kb1 b5 11. f5 b4 12. f6 gxf6 13. Bh6 bxc3 14. Qf4 Kh8 15.
Bxf8 Bxf8 16. g4 Rb8 17. b3 Qa5 18. exf6 Nb4 0-1

[Event "Zadar B Open 2016"]
[Site "Zadar"]
[Date "2016.12.16"]
[Round "8.19"]
[White "Salvaing, Jean-Louis"]
[Black "Stojkovic, Andreja"]
[Result "1/2-1/2"]
[WhiteElo "1991"]
[BlackElo "1910"]
[PlyCount "79"]
[EventDate "2016.12.11"]
[EventCountry "CRO"]

1. d4 f5 2. g4 fxg4 3. e4 d5 4. e5 c5 5. c3 Nc6 6. h3 g3 7. fxg3 Qb6 8. Ne2 Bf5
9. Bg2 cxd4 10. Nxd4 Nxd4 11. Qxd4 e6 12. Qxb6 axb6 13. O-O Bc5+ 14. Kh2 Bxb1
15. Rxb1 Rxa2 16. b4 Be7 17. Be3 Re2 18. Bxb6 Nh6 19. Ra1 Kd7 20. g4 Rf8 21.
Rxf8 Bxf8 22. Rf1 Be7 23. Bd4 Ke8 24. Kg3 Nf7 25. Rf3 Rd2 26. Rf2 Rxf2 27. Kxf2
Bg5 28. Kg3 Bd8 29. Bf1 Bc7 30. Kf4 g5+ 31. Ke3 Bxe5 32. Bb5+ Ke7 33. Bc5+ Bd6
34. Bd4 e5 35. Bb6 Nd8 36. Bxd8+ Kxd8 37. Bd3 e4 38. Bc2 Ke7 39. c4 dxc4 40. b5
1/2-1/2

[Event "Zadar B Open 2016"]
[Site "Zadar"]
[Date "2016.12.16"]
[Round "8.20"]
[White "Simunic, Krunoslav"]
[Black "Slamar, Velimir"]
[Result "1/2-1/2"]
[WhiteElo "1866"]
[BlackElo "2150"]
[PlyCount "61"]
[EventDate "2016.12.11"]
[EventCountry "CRO"]

1. d4 Nf6 2. c4 g6 3. Nc3 Bg7 4. e4 d6 5. Be2 O-O 6. Bg5 c5 7. d5 Na6 8. h3 Nc7
9. Nf3 a6 10. a4 e5 11. O-O h6 12. Be3 Rb8 13. Qc2 b6 14. Rab1 a5 15. Nd2 Nce8
16. f4 exf4 17. Bxf4 Nd7 18. Nf3 Ne5 19. Nxe5 dxe5 20. Bh2 Nd6 21. Nb5 Rb7 22.
Nxd6 Qxd6 23. Bd3 h5 24. Rbe1 Bh6 25. Rf3 f6 26. Kh1 Rbf7 27. Ref1 Bd7 28. b3
Kg7 29. Qf2 Bg5 30. Qc2 Rh8 31. Kg1 1/2-1/2

[Event "Zadar B Open 2016"]
[Site "Zadar"]
[Date "2016.12.17"]
[Round "9.1"]
[White "Medancic, Rikard"]
[Black "Bozinovic, Bogdan"]
[Result "1/2-1/2"]
[WhiteElo "2267"]
[BlackElo "2202"]
[PlyCount "20"]
[EventDate "2016.12.11"]
[EventCountry "CRO"]

1. d4 Nf6 2. Nf3 c5 3. e3 g6 4. Be2 Bg7 5. O-O O-O 6. b3 b6 7. Bb2 Bb7 8. Nbd2
d6 9. c4 Nbd7 10. Rc1 Rb8 1/2-1/2

[Event "Zadar B Open 2016"]
[Site "Zadar"]
[Date "2016.12.17"]
[Round "9.3"]
[White "Bozanic, Ivica"]
[Black "Berke, Ana"]
[Result "1/2-1/2"]
[WhiteElo "2216"]
[BlackElo "2168"]
[PlyCount "115"]
[EventDate "2016.12.11"]
[EventCountry "CRO"]

1. d4 Nf6 2. Nc3 d5 3. Bg5 Nbd7 4. Qd3 e6 5. e4 dxe4 6. Nxe4 Be7 7. Bxf6 Nxf6
8. Nf3 O-O 9. h4 Nxe4 10. Qxe4 Qd5 11. Qe3 c5 12. c3 cxd4 13. Qxd4 Qxd4 14.
Nxd4 e5 15. Nb5 Bd7 16. Nc7 Rad8 17. Nd5 Bc5 18. Bc4 Be6 19. Rd1 Rd7 20. Bb3
Rfd8 21. Ne3 Bxe3 22. fxe3 Rxd1+ 23. Bxd1 Bxa2 24. b3 Rd3 25. Bc2 Rxe3+ 26. Kd2
Rg3 27. Kc1 Rxg2 28. Kb2 e4 29. Ra1 f5 30. Rxa2 f4 31. Ra4 Rh2 32. Rxe4 Rxh4
33. b4 g5 34. Bb3+ Kf8 35. Re5 Rh2+ 36. Ka3 h6 37. Bd5 b6 38. c4 Kg7 39. Re7+
Kf6 40. Rxa7 g4 41. Rf7+ Ke5 42. Re7+ Kf5 43. Rf7+ Ke5 44. Ka4 Rd2 45. Rg7 Rxd5
46. cxd5 f3 47. d6 Kxd6 48. Rxg4 Ke5 49. Rh4 f2 50. Rh1 Ke4 51. Kb5 Kf3 52.
Kxb6 Kg2 53. Rc1 f1=Q 54. Rxf1 Kxf1 55. Kc5 h5 56. b5 h4 57. b6 h3 58. b7
1/2-1/2

[Event "Zadar B Open 2016"]
[Site "Zadar"]
[Date "2016.12.17"]
[Round "9.4"]
[White "Soric, Romeo"]
[Black "Muratovic, Enver"]
[Result "1/2-1/2"]
[WhiteElo "2115"]
[BlackElo "2224"]
[PlyCount "32"]
[EventDate "2016.12.11"]
[EventCountry "CRO"]

1. c4 e6 2. g3 f5 3. Bg2 Nf6 4. Nf3 g6 5. b3 Bg7 6. Bb2 O-O 7. O-O d6 8. d4 Re8
9. Nbd2 Nc6 10. a3 a5 11. Qc2 d5 12. e3 Ne4 13. Ne5 Nxe5 14. dxe5 Nxd2 15. Qxd2
dxc4 16. Qxd8 Rxd8 1/2-1/2

[Event "Zadar B Open 2016"]
[Site "Zadar"]
[Date "2016.12.17"]
[Round "9.5"]
[White "Mihalinec, Damir"]
[Black "Vidovic, Ante"]
[Result "0-1"]
[WhiteElo "2202"]
[BlackElo "2093"]
[PlyCount "88"]
[EventDate "2016.12.11"]
[EventCountry "CRO"]

1. c4 Nf6 2. Nc3 g6 3. Nf3 Bg7 4. g3 O-O 5. Bg2 d6 6. O-O e5 7. d3 Nc6 8. Rb1
h6 9. b4 Be6 10. b5 Ne7 11. Nd2 Rb8 12. Qa4 Qc8 13. Qxa7 Bh3 14. Qa4 h5 15.
Nde4 Bxg2 16. Nxf6+ Bxf6 17. Kxg2 Kg7 18. Ne4 Ra8 19. Qc2 Qe6 20. Bd2 h4 21. h3
hxg3 22. fxg3 Rh8 23. Nf2 Nf5 24. Ng4 Nd4 25. Qb2 Rxh3 26. Nf2 Rah8 27. Rh1
Rxh1 28. Rxh1 Rxh1 29. Kxh1 Nxe2 30. Bh6+ Kxh6 31. Qxe2 d5 32. Qf3 dxc4 33.
dxc4 b6 34. a4 Kg7 35. Qd3 Be7 36. Kg2 f5 37. Nd1 e4 38. Qc2 Qe5 39. Nc3 Bd6
40. Ne2 g5 41. Qd2 f4 42. gxf4 gxf4 43. Nc3 f3+ 44. Kf1 e3 0-1

[Event "Zadar B Open 2016"]
[Site "Zadar"]
[Date "2016.12.17"]
[Round "9.6"]
[White "Popovic, Ivo"]
[Black "Cvitan, Ena"]
[Result "0-1"]
[WhiteElo "2179"]
[BlackElo "2079"]
[PlyCount "96"]
[EventDate "2016.12.11"]
[EventCountry "CRO"]

1. b3 d5 2. Bb2 Nf6 3. g3 Bf5 4. Bg2 e6 5. Nf3 Be7 6. O-O O-O 7. d4 c5 8. Nbd2
Nc6 9. e3 cxd4 10. Nxd4 Nxd4 11. exd4 b5 12. c3 Qb6 13. h3 Rac8 14. Qe2 Rfe8
15. Kh2 Bd6 16. f4 a5 17. a4 b4 18. c4 dxc4 19. Nxc4 Qd8 20. Rac1 Bb8 21. Ne3
Rxc1 22. Rxc1 Bg6 23. Qb5 Ne4 24. Nc4 h5 25. Bxe4 Bxe4 26. Qxh5 Bd5 27. h4 g6
28. Qg5 Qxg5 29. hxg5 Kg7 30. Kg1 Rh8 31. Nd2 Rh1+ 32. Kf2 Rh2+ 33. Ke1 Rg2 34.
Rc8 Bd6 35. Rd8 Bf8 36. Rc8 Rxg3 37. Kf2 Rg2+ 38. Ke3 Bd6 39. Bc1 Rg3+ 40. Ke2
Bxf4 41. Ne4 Rg2+ 42. Kd3 Bxc1 43. Rxc1 Bxb3 44. Rc5 Bxa4 45. Nf6 b3 46. Rc8
Rxg5 47. Ne4 b2 48. Rb8 Rb5 0-1

[Event "Zadar B Open 2016"]
[Site "Zadar"]
[Date "2016.12.17"]
[Round "9.7"]
[White "Stipic, Marko"]
[Black "Brkic, Ivica"]
[Result "1-0"]
[WhiteElo "2152"]
[BlackElo "2083"]
[PlyCount "63"]
[EventDate "2016.12.11"]
[EventCountry "CRO"]

1. d4 Nf6 2. g3 e6 3. c4 Bb4+ 4. Nd2 O-O 5. Ngf3 Ne4 6. Bg2 d5 7. O-O Nxd2 8.
Bxd2 Bxd2 9. Qxd2 c6 10. Rac1 Nd7 11. Rc2 Nf6 12. Ne5 Nd7 13. Nf3 f5 14. cxd5
exd5 15. b4 a6 16. Rb1 Rf6 17. e3 b5 18. Ne5 Nxe5 19. dxe5 Re6 20. Rxc6 Rxc6
21. Qxd5+ Qxd5 22. Bxd5+ Re6 23. Rc1 Bd7 24. Bxa8 Rxe5 25. Bb7 Re8 26. Bxa6 Rb8
27. Rc7 Be6 28. a3 Kf8 29. Kf1 Bc4+ 30. Ke1 Ra8 31. Bc8 Rxa3 32. Bxf5 1-0